Imagem, corpo, tecnologia : a função háptica das novas imagens tecnológicas (Registo nº 202817)

Detalhes MARC
000 -Etiqueta do registo
Valores 00737nam 22002053 4500
010 ## - Número ISBN
ISBN 978-972-31-1453-9
021 ## - Número do Depósito Legal
Código do país Portugal
Número 346944/12
100 ## - Dados gerais de processamento
Dados gerais 20260701d u||y0pory50 ba
200 ## - Titulo e menção de responsabilidade
Título próprio Imagem, corpo, tecnologia : a função háptica das novas imagens tecnológicas
Primeira menção de responsabilidade Patrícia Silveirinha Castello Branco
210 ## - Publicação
Local de publicação [Lisboa]
Nome do editor Fundação Calouste Gulbenkian
Data de publicação 2013
215 ## - Descrição física 
Paginação / Volumes 626 p.
Outras indicações físicas brochado
Dimensões 23 cm
225 ## - Colecção 
Título próprio da colecção Textos universitários de ciências sociais e humanas
606 ## - Nome comum usado como assunto
ID Autoridade 8634
Palavra de ordem Estética. Filosofia da Arte. Critica da Arte
675 ## - CDU
Notação 7.01
Edição PT
Língua por
700 ## - Autor principal (pessoa individual)
ID Autoridade 17672
Apelido Branco
Nome Patrícia Silveirinha Castello
Datas 1972-
801 ## - Fonte de origem
País PT
Agência BMMN
Regras de catalogação RPC
830 ## - Notas gerais do catalogador
Criado por Vanda
990 ## - Elementos KOHA
Tipo de documento Livro
Exemplares
Situação do levantamento Biblioteca de origem Código de barras Cota Permissão de empréstimo Tipo de documento Forma de aquisição
  Biblioteca Municipal de Montemor-o-Novo 32337 7.01 BRA|DEP   Livro Oferta

Powered by Koha